| Tag |
First Indicator |
Second Indicator |
Subfields |
| LEADER |
00000cam a2200000 a 4500 |
| 001 |
in00001403812 |
| 005 |
20151020053157.0 |
| 008 |
971204s1997 it b 000 0 ita |
| 010 |
|
|
|a 97221779
|
| 020 |
|
|
|a 8815060995
|
| 035 |
|
|
|a (OCoLC)37727805
|
| 035 |
|
|
|9 AHM7287AM
|
| 040 |
|
|
|a DLC
|c DLC
|d C3L
|d GZM
|d TXA
|d UtOrBLW
|
| 043 |
|
|
|a e-it---
|
| 045 |
|
|
|a x4x-
|
| 049 |
|
|
|a TXAM
|
| 050 |
0 |
0 |
|a DG442
|b .S39 1997
|
| 082 |
0 |
0 |
|a 305.8/00945
|2 21
|
| 100 |
1 |
|
|a Sciolla, Loredana.
|
| 245 |
1 |
0 |
|a Italiani :
|b stereotipi di casa nostra /
|c Loredana Sciolla.
|
| 264 |
|
1 |
|a Bologna :
|b Il mulino,
|c [1997]
|
| 264 |
|
4 |
|c ©1997
|
| 300 |
|
|
|a 93 pages ;
|c 18 cm.
|
| 336 |
|
|
|a text
|b txt
|2 rdacontent
|
| 337 |
|
|
|a unmediated
|b n
|2 rdamedia
|
| 338 |
|
|
|a volume
|b nc
|2 rdacarrier
|
| 490 |
1 |
|
|a Tendenze ;
|v 18
|
| 504 |
|
|
|a Includes bibliographical references.
|
| 650 |
|
0 |
|a National characteristics, Italian.
|
| 650 |
|
0 |
|a Italians
|x Ethnic identity.
|
| 650 |
|
0 |
|a Politics and culture
|z Italy.
|
| 650 |
|
0 |
|a Political participation
|z Italy.
|
| 650 |
|
0 |
|a Group identity
|z Italy.
|
| 830 |
|
0 |
|a Tendenze (Bologna, Italy) ;
|v 18.
|
| 948 |
|
|
|a c:jh
|
| 999 |
|
|
|a MARS
|
| 999 |
f |
f |
|s d8c41ce4-7454-3e20-8d6b-e0a729b7fb86
|i 8645d716-b8b5-34e9-8413-c2fb1089f0ff
|t 0
|
| 952 |
f |
f |
|p ric
|a Texas A&M University
|b Rellis Campus
|c Joint Library Facility
|d Remote Storage
|t 0
|e DG442 .S39 1997
|h Library of Congress classification
|i unmediated -- volume
|m A14822307221
|
| 998 |
f |
f |
|a DG442 .S39 1997
|t 0
|l Remote Storage
|